000 00606nam a2200205Ia 4500
005 20250508162917.0
008 008 250505s9999 xx 000 0 eng d
020 _a81-215-0598-4
037 _aTextual
040 _aFEDL
_beng
_cFEDL
041 _aeng
_2eng
084 _a181.4, GUE
_qFEDL
100 _aGuenon Rene
245 0 _aIntroduction to the study of the hindu doctrines
260 _aNew Delhi, India
_bMunshiram Manoharlal Publishers Pvt. Ltd.
_c1945
300 _a351p.
650 _aOriental Philosophy
_9755543
942 _cTEXL
_h181.4, GUE
999 _c1379382
_d1379382